000
00243nam a2200097Ia 4500
001
800555
005
20250826171021.0
008
250824s9999 xx 000 0 und d
245
0
_a
CEMİL MERİÇİN DÜNYASI
_c
MUSTAFA ARMAĞAN
260
_b
KETEBE
999
_c
800555
_d
800555